000 00464nam a2200133Ia 4500
008 220216s9999 xx 000 0 und d
100 _aGeorge S.
245 0 _aManagement strategies towards reducing the immaturity period of rubber (Hevea brasiliensis)
260 _bInternational Conference on Natural Rubber Extension and Development, 8-9 May 2008, Cochin, India.
_c2008
700 _aGireesh T.
700 _aIdicula S.P.
700 _aNair N.U.
942 _cBS
999 _c52284
_d52284